Представление документа в формате MARC21

Поле Инд. ПП Название Значение
Тип записи a
Библиографический уровень b
001 Контрольный номер dca0dcccbd68413287c24f3ea6232279
005 Дата корректировки 20210820113303.8
024 80 a Стандартный номер 10.1016/j.physletb.2020.135988
040 a Служба первич. каталог. РИНЦ
041 0_ a Код языка текста eng
084 a Индекс другой классификации/Индекс ББК 22.381; 22.382
097 a Ануфриева Г.Ю.
100 1_ a Автор Sirunyan A. M.
100 1_ a Автор Tumasyan A.
100 1_ a Автор Adam W.
100 1_ q Полное имя Афанасьев Сергей Владимирович
g Прочие сведения РИНЦ AuthorID: 23809 (http://elibrary.ru/author_items.asp?authorid=23809)$ SPIN-код: 9183-2719 (http://elibrary.ru/author_items.asp?authorid=23809); Scopus Author ID: 7004861291 (https://www.scopus.com/authid/detail.uri?authorId=7004861291)
a Автор Afanasiev S.
u Дополнение Афанасьев С. В.; Afanasiev Sergey V.
c Титул (звания) доцент (ученое звание); кандидат физико-математических наук; доцент (должность)
i 000090114
k Кафедра общей физики; Кафедра физико-технических систем; Общеобразовательные кафедры; Инженерно-физический институт
100 1_ a Автор Malakhov A. I.
g Прочие сведения РИНЦ AuthorID: 22982 (http://elibrary.ru/author_profile.asp?id= 22982); SPIN-код: 9425-7549 (http://elibrary.ru/author_items.asp?authorid=22982); Scopus Author ID: 7005378952 (https://www.scopus.com/authid/detail.uri?authorId=7005378952); ResearcherID: D-5702-2016 (http://www.researcherid.com/rid/D-5702-2016)
g Прочие сведения SPIN-код: 9425-7549
q Полное имя Малахов Александр Иванович
u Дополнение Малахов А. И.; Malakhov Alexander I.
c Титул (звания) профессор (ученое звание); доктор физико-математических наук; заведующий кафедрой
i 000091041
k Кафедра физико-технических систем; Факультет естественных и инженерных наук
100 1_ q Полное имя Матвеев Владимир Гаврилович
a Автор Matveev V.
u Дополнение Матвеев В. Г.
c Титул (звания) старший преподаватель
i 000091042
k Кафедра физико-технических систем; Инженерно-физический институт
100 1_ q Полное имя Шматов Сергей Владимирович
g Прочие сведения РИНЦ AuthorID: 29657 (http://elibrary.ru/author_profile.asp?id= 29657); Scopus Author ID: 6507993892 (https://www.scopus.com/authid/detail.uri?authorId=6507993892); ORCID ID: http://orcid.org/0000-0001-5354-8350
a Автор Shmatov S.
u Дополнение Шматов С. В.; Shmatov Sergei V.
c Титул (звания) кандидат физико-математических наук; доцент (должность)
i 000091237
k Кафедра фундаментальных проблем физики микромира; Инженерно-физический институт
100 1_ q Полное имя Теряев Олег Валерианович
g Прочие сведения РИНЦ AuthorID: 23841 (http://elibrary.ru/author_profile.asp?id= 23841); Scopus Author ID: 7003412423 (https://www.scopus.com/authid/detail.uri?authorId= 7003412423)
a Автор Teryaev O.
u Дополнение Теряев О. В.; Teryaev Oleg V.
c Титул (звания) ; доктор физико-математических наук; профессор (должность)
i 000091234
k Кафедра фундаментальных проблем физики микромира; Инженерно-физический институт
245 10 a Заглавие Observation of electroweak production of Wγ with two jets in proton-proton collisions at TeV
650 04 a Основная рубрика физика; ядерная физика; физика элементарных частиц; экспериментальная физика
773 18 t Название источника Physics Letters. Section B: Nuclear, Elementary Particle and High-Energy Physics
b Сведения об издании Elsevier Science Publishing Company, Inc.
c США
d Место и дата издания 2020
m Специф. данные входит в Scopus
m Специф. данные входит в WoS
m Специф. данные входит в ядро РИНЦ
m Специф. данные зарубежный журнал
n Примечание http://elibrary.ru/title_about.asp?id=848
g Прочая информация P. 135988.
w Контрольный № источника 4306b183f34f48f4a3a54adb4db9535c
856 40 u URL https://www.elibrary.ru/item.asp?id=45033586
901 t Тип документа b
952 c Вид литературы статья в журнале